Guía oclusal en odontopediatría, atlas a color (Registro nro. 551)

Detalles MARC
000 -Cabecera
Campo de control de longitud fija 00765aam a2200301 4500
005 - Fecha y hora de la última transacción
Campo de control 20260304133809.0
008 - Elementos de longitud fija--Información general
Campo de control de longitud fija 150810b1989 xxu||||| |||| 00| 0 spa d
020 ## - International Standard Book Number
Número Internacional Estándar del Libro (ISBN) 9806184084
041 ## - Idioma
Código de idioma Español
082 ## - Clasificación Decimal Dewey
Número de clasificación 617.645 N163g
100 ## - Entrada principal--Autor personal
Nombre personal Nakata, Minoru
9 (RLIN) 18469
100 ## - Entrada principal--Autor personal
Nombre personal Wei, Stephen
9 (RLIN) 18470
245 ## - Título propiamente dicho
Título Guía oclusal en odontopediatría, atlas a color
260 ## - Pie de imprenta
Lugar de publicación, distribución, etc. Venezuela
260 ## - Pie de imprenta
Nombre del editor, distribuidor, etc. AMOLCA
260 ## - Pie de imprenta
Fecha de publicación, distribución, etc. 1989
300 ## - Descripción física
Extensión 103 páginas
300 ## - Descripción física
Otras características físicas Fotografías a color
490 ## - Serie
Título de la Serie Mecánica Dental
650 ## - Materia general
Temática (materia general) ODONTOLOGÍA PEDIÁTRICA
650 ## - Materia general
Temática (materia general) OCLUSIÓN
650 ## - Materia general
Temática (materia general) GUÍA OCLUSAL
650 ## - Materia general
Temática (materia general) ODONTOLOGÍA
650 ## - Materia general
Temática (materia general) ERUPCIÓN DENTAL
650 ## - Materia general
Temática (materia general) MORFOLOGÍA FACIAL
650 ## - Materia general
Temática (materia general) CAVIDAD ORAL
942 ## - Punto de acceso adicional KOHA
Tipo de ítem KOHA Libro
Fuente del sistema de clasificación o colocación Dewey Decimal Classification
Existencias
Signatura completa Código de barras Programa Académico Tipo de ítem
617.645 N163g 1639 Mecánica Dental Libro